Statistics for Most populated cities of the Netherlands

Click here to take the quiz!

General Stats

  • This quiz has been taken 113 times
  • The average score is 8 of 15

Answer Stats

PopulationCity% Correct
825,000Amsterdam
98%
625,000Rotterdam
90%
515,000The Hague
81%
335,000Utrecht
76%
223,000Eindhoven
71%
200,000Groningen
63%
150,000Haarlem
54%
211,000Tilburg
49%
180,000Breda
48%
200,000Almere
42%
146,00Arnhem
40%
170,000Nijmegen
34%
148,000Amersfoort
33%
150,000Enschede
33%
148,000Apeldoorn
29%

Score Distribution

Percentile by Number Answered

Percent of People with Each Score

Your Score History

You have not taken this quiz